[Event "WJCC U20 Open 2019"]
[Site "New Delhi"]
[Date "2019.10.17"]
[Round "4.43"]
[White "Doluweera, Minul Sanjula"]
[Black "Hamad Essam"]
[Result "0-1"]
[WhiteElo "2191"]
[BlackElo "1849"]
[Annotator "TA"]
[PlyCount "131"]
[EventDate "2019.10.15"]
[EventType "swiss"]
[EventCountry "IND"]
[SourceTitle "playchess.com"]
[Source "ChessBase"]
[SourceQuality "1"]

{[%evp 9,131,7,7,14,27,29,24,15,19,16,16,19,22,26,39,47,55,51,113,112,125,127,123,122,146,138,146,146,151,126,129,123,117,111,145,0,125,0,131,141,175,160,172,134,133,118,162,162,158,156,189,193,177,139,147,137,185,166,214,214,260,212,216,216,268,209,218,173,167,80,102,107,114,50,60,64,72,39,46,48,48,49,45,33,49,49,67,39,47,0,0,0,0,-204,0,-83,-85,-85,-83,-85,-61,-26,-39,-44,0,0,0,0,0,-44,0,-55,-59,-147,-155,-181,-145,-138,-138,-202,-98,-104,-49,-49]} 1. d4 d5 2. c4 c6 3. cxd5 cxd5 4. Bg5 (4. Nc3 Nf6 5. Bf4 Nc6 6. e3 Bf5 7. Nf3 e6 8. Rc1 Rc8 9. Be2 Be7 10. O-O O-O 11. Nh4 Be4 12. a3 h6 13. Nf3 Bh7 14. Ne5 a6 15. Bd3 Bxd3 16. Qxd3 Nxe5 17. Bxe5 {1-0 (61) Giri,A (2780)-Duda,J (2730) chess.com INT 2019}) 4... h6 5. Bh4 Nc6 6. Nc3 {D10: Slav Defence: 3 cxd5 (without early Nf3) and 3 Nc3} Nf6 7. Bxf6 exf6 8. e3 {White has an edge.} Be6 9. Nge2 $146 ({Predecessor:} 9. Qb3 Qd7 10. Bb5 Bd6 11. Nge2 f5 {1-0 (37) Aradhya,G (2289)-Sarvesh Kumar,A (1877) Mumbai 2018}) 9... Bd6 10. g3 O-O 11. Bg2 Bc7 12. O-O a6 13. a3 b5 ({Black should play} 13... Ne7 $14) 14. b4 $1 $16 Rb8 15. Qb3 Ne7 16. Nc1 Qd7 17. Nd3 Bb6 18. Rfc1 Rfd8 19. Qd1 Bg4 20. Qd2 Bh3 21. Bh1 Be6 22. Bg2 Bh3 $1 23. Bh1 Be6 $1 24. a4 Ra8 25. Bg2 Qe8 26. Bf1 Bd7 27. axb5 Bxb5 28. Nxb5 axb5 29. Nc5 Nf5 30. Rxa8 Rxa8 31. Bg2 Ne7 32. Qd3 Rb8 33. Bf1 Bxc5 34. Rxc5 ({Don't take} 34. dxc5 $6 Nc6 $16) 34... Nc6 35. Qc3 ({Less strong is} 35. Rxb5 Nxb4 36. Rxb8 Qxb8 $16) 35... Ne7 36. Bd3 Kf8 37. Qc2 Qd7 38. Qe2 Qa7 39. Bxb5 (39. Qd2 $18) 39... Qa1+ 40. Kg2 Qb1 41. Qd2 (41. Qg4 $16) 41... g6 42. h3 Kg7 43. Qc3 Qe4+ 44. Kh2 Qb1 45. Qd2 h5 46. h4 Rb7 47. Kg2 Rb6 48. Qc3 {Threatens to win with Rc7.} Qe4+ 49. Kf1 g5 $1 50. hxg5 fxg5 51. Bd3 $2 {[#]} (51. Kg1 $1 $11 {and White has nothing to worry.}) 51... Qh1+ (51... Qf3 $1 $19 {and Black stays clearly on top.} 52. Ke1 h4 53. gxh4 gxh4) 52. Ke2 $17 {White wants to play Rc7.} Rf6 {[%mdl 1024] Black has strong compensation.} 53. Qe1 {[#]} Qf3+ $1 54. Kd2 Qg2 55. Rc2 h4 $36 {[%mdl 2048] Black has some pressure.} 56. gxh4 Rxf2+ (56... gxh4 $5 {[%cal Rh4h3]} 57. Kd1 h3 $11) 57. Kc3 Rxc2+ 58. Bxc2 {Hoping for hxg5.} g4 {White must now prevent ...g3.} 59. Qd2 Qf1 {And now ...g3 would win.} (59... Qh3 $5 {[%cal Rg4g3]} 60. Qe2 Qxh4 $11) 60. Qd3 (60. Bd3 $11 Qg1 61. e4) 60... Qe1+ $15 61. Kb3 ({White has to play} 61. Qd2 $1 $15 Qxh4 62. Bd3) 61... Qxh4 $17 {aiming for ...g3.} 62. Bd1 g3 63. Bf3 Qh2 64. Qc2 (64. b5 $17) 64... Qg1 (64... Qf2 $19 {is more deadly.} 65. Qxf2 gxf2) 65. e4 Qxd4 ({Better is} 65... Qe3+ $17 66. Qc3 Qf2) 66. Qc3 {Accuracy: White = 52%, Black = 55%.} 0-1

[Event "WJCC U20 Open 2019"]
[Site "New Delhi"]
[Date "2019.10.17"]
[Round "4.44"]
[White "Flores Quillas, Diego Saul Rodri"]
[Black "Davis, Holden"]
[Result "1-0"]
[WhiteElo "2164"]
[BlackElo "1817"]
[Annotator "TA"]
[PlyCount "30"]
[EventDate "2019.10.15"]
[EventType "swiss"]
[EventCountry "IND"]
[SourceTitle "playchess.com"]
[Source "ChessBase"]
[SourceQuality "1"]

{[%evp 14,30,0,-59,-33,-52,0,-42,48,29,191,112,350,345,377,381,378,377,29998]} 1. e4 e6 2. d4 d5 3. Nc3 Bb4 4. e5 c5 5. Qg4 Ne7 6. dxc5 Nbc6 7. Bd2 O-O 8. O-O-O (8. Bd3 $11) 8... Bxc5 {C17: French: 3 Nc3 Bb4 4 e5 c5 sidelines} (8... d4 9. Nf3 Ng6 10. Ne4 Ncxe5 11. Nxe5 Bxd2+ 12. Rxd2 Nxe5 13. Qg3 Nc6 14. Bb5 Bd7 15. Rhd1 Qe7 16. Qd6 {½-½ (41) Saveliev,A (2379)-Stupak,K (2562) Moscow 2017}) 9. Qh5 Ng6 (9... d4 $15 10. Ne4 Qd5) 10. Nf3 Be7 ({But not} 10... Bxf2 11. Bd3 $14) (10... Qc7 $15) 11. h4 $14 Re8 $146 (11... Bd7 $11) ({Predecessor:} 11... Qe8 12. Nb5 Qd7 13. Bd3 Nb4 14. Bxb4 Bxb4 15. Ng5 h6 16. Bxg6 fxg6 17. Qxg6 hxg5 18. hxg5 Qxb5 {½-½ (48) Pasiev,R (2384)-Lugovskoy,M (2427) Sochi 2015}) 12. Kb1 (12. Ng5 $18 h6 {[#]} 13. Nxf7 $1 {[%mdl 512]} Kxf7 14. Re1) 12... a6 $2 (12... Nf8 $16) 13. Bd3 $18 Nf8 14. Bxh7+ Nxh7 {[#]} 15. Ng5 $1 {[%mdl 512]} Nb8 $2 (15... Nf8 $18) 1-0

[Event "WJCC U20 Open 2019"]
[Site "New Delhi"]
[Date "2019.10.17"]
[Round "4.45"]
[White "Swarnavo Choudhury"]
[Black "Raahul V S"]
[Result "1/2-1/2"]
[WhiteElo "1797"]
[BlackElo "2262"]
[Annotator "NA"]
[PlyCount "90"]
[EventDate "2019.10.15"]
[EventType "swiss"]
[EventCountry "IND"]
[SourceTitle "playchess.com"]
[Source "ChessBase"]
[SourceQuality "1"]
[TimeControl "40/5400+30:1800+30"]

1. e4 {[%emt 0:00:00]} e5 {[%emt 0:00:00]} 2. Nf3 {[%emt 0:00:00]} Nc6 {[%emt 0:00:00]} 3. Bb5 {[%emt 0:00:00]} g6 {[%emt 0:00:08]} 4. O-O {[%emt 0:00:00]} Bg7 {[%emt 0:00:05]} 5. c3 {[%emt 0:01:00]} a6 {[%emt 0:00:03]} 6. Ba4 {[%emt 0:00:49]} d6 {[%emt 0:01:01]} 7. d4 {[%emt 0:01:59]} Bd7 {[%emt 0:00:07]} 8. Re1 {[%emt 0:04:53]} Nge7 {[%emt 0:03:18]} 9. Bg5 {[%emt 0:08:53]} h6 {[%emt 0:06:39]} 10. Bh4 {[%emt 0:02:25]} b5 {[%emt 0:00:43]} 11. Bc2 {[%emt 0:08:19]} O-O {[%emt 0:02:48]} 12. dxe5 {[%emt 0:02:59]} dxe5 {[%emt 0:00:50]} 13. Bg3 {[%emt 0:03:30]} Nc8 {[%emt 0:04:51]} 14. Nbd2 {[%emt 0:01:52]} Nd6 {[%emt 0:00:46]} 15. h3 {[%emt 0:00:53]} Qe7 {[%emt 0:07:16]} 16. Nf1 {[%emt 0:02:07]} Na5 {[%emt 0:00:24]} 17. Ne3 {[%emt 0:06:42]} c6 {[%emt 0:00:05]} 18. Nf1 {[%emt 0:01:43]} Rad8 {[%emt 0:00:56]} 19. b3 {[%emt 0:01:05]} Nab7 {[%emt 0:03:13]} 20. Qe2 {[%emt 0:00:27]} f6 {[%emt 0:04:39]} 21. Rad1 {[%emt 0:01:56]} Nc5 {[%emt 0:01:52]} 22. Nh4 {[%emt 0:03:21]} Be8 {[%emt 0:04:25]} 23. f4 {[%emt 0:03:03]} Ndb7 {[%emt 0:18:09]} 24. Rxd8 {[%emt 0:09:22]} Nxd8 {[%emt 0:00:28]} 25. f5 {[%emt 0:03:28]} g5 {[%emt 0:00:04]} 26. Ng6 {[%emt 0:00:20]} Bxg6 {[%emt 0:00:05]} 27. fxg6 {[%emt 0:00:04]} Nce6 {[%emt 0:01:54]} 28. Ne3 {[%emt 0:02:11]} Qc5 {[%emt 0:00:02]} 29. Kh1 {[%emt 0:06:14]} Qxc3 {[%emt 0:00:19]} 30. Nf5 {[%emt 0:06:09]} Nd4 {[%emt 0:00:31]} 31. Nxd4 {[%emt 0:00:34]} exd4 {[%emt 0:00:18]} 32. Bd6 {[%emt 0:00:02]} Re8 {[%emt 0:00:01]} 33. Rd1 {[%emt 0:00:40]} Ne6 {[%emt 0:00:53]} 34. Qf2 {[%emt 0:02:13]} c5 {[%emt 0:07:34]} 35. e5 {[%emt 0:02:22]} Qe3 {[%emt 0:00:57]} 36. Qf5 {[%emt 0:04:11]} Qf4 {[%emt 0:00:56]} 37. exf6 {[%emt 0:01:15]} Qxf5 {[%emt 0:00:02]} 38. Bxf5 {[%emt 0:00:19]} Bxf6 {[%emt 0:00:01]} 39. Re1 {[%emt 0:01:10]} Ng7 {[%emt 0:00:53]} 40. Rxe8+ {[%emt 0:00:10]} Nxe8 {[%emt 0:00:03]} 41. Bxc5 {[%emt 0:30:08]} Kg7 {[%emt 0:30:06]} 42. Kg1 {[%emt 0:03:04]} Nc7 {[%emt 0:00:09]} 43. Kf2 {[%emt 0:02:58]} Nd5 {[%emt 0:00:02]} 44. a3 {[%emt 0:03:15]} Nf4 {[%emt 0:03:57]} 45. g3 {[%emt 0:02:02]} Nxg6 {[%emt 0:01:01]} 1/2-1/2

[Event "WJCC U20 Open 2019"]
[Site "New Delhi"]
[Date "2019.10.17"]
[Round "4.46"]
[White "Licheli, Luka"]
[Black "Zrikem, Nassim"]
[Result "1-0"]
[WhiteElo "2010"]
[BlackElo "2125"]
[Annotator "NA"]
[PlyCount "55"]
[EventDate "2019.10.15"]
[EventType "swiss"]
[EventCountry "IND"]
[SourceTitle "playchess.com"]
[Source "ChessBase"]
[SourceQuality "1"]
[TimeControl "40/5400+30:1800+30"]

1. e4 e5 2. Nc3 Nf6 3. g3 d5 4. exd5 Nxd5 5. Bg2 Nxc3 6. bxc3 Bc5 7. d3 O-O 8. Qe2 Nc6 9. Nf3 Qf6 10. Ng5 Bb6 11. O-O h6 12. Ne4 Qg6 13. Ba3 Re8 14. h3 Rb8 15. Kh2 f5 16. Nd2 Be6 17. Nb3 Bxb3 18. axb3 e4 19. d4 Rbd8 20. Rae1 Kh8 21. f3 f4 22. gxf4 exf3 23. Qxf3 Qxc2 24. f5 Qxb3 25. Rxe8+ Rxe8 26. Qh5 Qg8 27. f6 gxf6 28. Rxf6 1-0

[Event "WJCC U20 Open 2019"]
[Site "New Delhi"]
[Date "2019.10.18"]
[Round "5.1"]
[White "Shtembuliak, Evgeny"]
[Black "Praggnanandhaa R"]
[Result "1-0"]
[WhiteElo "2577"]
[BlackElo "2567"]
[Annotator "TA"]
[PlyCount "69"]
[EventDate "2019.10.15"]
[EventType "swiss"]
[EventCountry "IND"]
[SourceTitle "playchess.com"]
[Source "ChessBase"]
[SourceQuality "1"]

{[%evp 10,69,36,24,18,2,44,14,20,25,30,16,23,25,41,40,30,37,38,13,27,26,20,18,23,21,7,14,36,8,12,0,58,19,80,68,68,76,100,31,251,251,251,252,237,248,252,252,277,266,366,366,431,431,443,416,5916,5916,29976,1110,29973,12750]} 1. c4 Nf6 2. Nc3 e6 3. e4 d5 4. cxd5 exd5 5. e5 Ne4 6. Nf3 ({Reject} 6. Nxe4 dxe4 7. Qa4+ Nc6 $17) 6... Bf5 {A18: English Opening: Flohr-Mikenas System (1 c4 Nf6 2 Nc3 e6 3 e4)} 7. d4 {With the idea Qb3.} Nc6 8. Bb5 Be7 {The position is equal.} (8... a6 {is more complex.}) 9. O-O O-O 10. h3 $146 ({Predecessor:} 10. Be3 Nxc3 11. bxc3 Na5 12. Nd2 Rc8 13. f4 c5 14. g4 Bd7 15. Bxd7 Qxd7 {½-½ (66) Gelfand,B (2697)-Oparin,G (2602) Moscow 2017}) 10... f6 11. Be3 fxe5 12. dxe5 Nxc3 13. bxc3 Be4 {Black wants to play ...Bxf3.} 14. Nd4 Nxe5 15. Ne6 {[%mdl 64] [#] Double Attack} Qd6 16. Nxf8 Rxf8 17. f4 Qg6 {[%csl Ge4][%cal Rg6g2]} 18. Qe2 $36 {[%mdl 2048] White has the initiative.} Nd3 19. Rad1 {[%cal Rb5d3]} Nc5 {aiming for ...a6.} 20. Kh2 h5 (20... c6 $11 21. Bxc5 Bxc5) 21. h4 (21. Bxc5 $5 Bxc5 22. Bd3 $14) 21... Qf5 (21... c6 $11 22. Bxc5 Bxc5) 22. Bxc5 $16 Bxc5 23. Bd3 Re8 24. c4 (24. Bxe4 $16 Rxe4 {[%mdl 64] Double Attack} 25. Qd3) 24... c6 $2 ({Black should play} 24... Re7 $14) 25. cxd5 $18 cxd5 26. Bxe4 Rxe4 27. Qd3 Bd4 {[#]} 28. Rde1 $1 Bb6 29. g3 Ba5 30. Rxe4 dxe4 31. Qc4+ Kh8 32. Rb1 {Rb5 is the strong threat.} a6 (32... Qd7 $142 33. Qxe4 Bb6) 33. Rxb7 e3 34. Re7 (34. Rf7 $142 Qxf7 35. Qxf7 Bd2 36. Qxh5+ Kg8 37. Qd5+ Kf8 38. Qa8+ Kf7 39. Qxa6) 34... Bd2 35. Re8+ {Accuracy: White = 50%, Black = 16%.} (35. Re5 $142 Qg4 36. Re8+ Kh7 37. Qg8+ Kh6 38. Re6+ Qxe6 39. Qxe6+ Kh7 40. Qxa6) 1-0

[Event "WJCC U20 Open 2019"]
[Site "New Delhi"]
[Date "2019.10.18"]
[Round "5.2"]
[White "Hakobyan, Aram"]
[Black "Santos Ruiz, Miguel"]
[Result "1-0"]
[WhiteElo "2561"]
[BlackElo "2560"]
[Annotator "RC"]
[PlyCount "59"]
[EventDate "2019.10.15"]
[EventType "swiss"]
[EventCountry "IND"]
[SourceTitle "playchess.com"]
[Source "ChessBase"]
[SourceQuality "1"]
[TimeControl "40/5400+30:1800+30"]

1. d4 {[%emt 0:00:00]} Nf6 {[%emt 0:00:00]} 2. Nf3 {[%emt 0:00:00]} d5 {[%emt 0:00:00]} 3. c4 {[%emt 0:00:00]} e6 {[%emt 0:00:00]} 4. Nc3 {[%emt 0:00:00]} Bb4 {[%emt 0:00:00]} 5. Qa4+ {[%emt 0:00:00]} Nc6 {[%emt 0:00:00]} 6. e3 {[%emt 0:00:00]} O-O {[%emt 0:00:00]} 7. Qc2 {[%emt 0:00:00]} b6 {[%emt 0:00:07]} 8. Bd2 {[%emt 0:00:45]} Bb7 {[%emt 0:00:21]} 9. a3 {[%emt 0:00:02]} Bd6 {[%emt 0:00:20]} 10. cxd5 {[%emt 0:00:03]} exd5 {[%emt 0:00:05]} 11. Nb5 {[%emt 0:00:03]} Be7 {[%emt 0:02:35]} 12. Bd3 {[%emt 0:00:02]} a6 {[%emt 0:01:43]} 13. Nc3 {[%emt 0:00:01]} Bd6 {[%emt 0:06:24]} 14. O-O {[%emt 0:00:03]} Re8 {[%emt 0:00:53]} 15. b4 {[%emt 0:00:14]} Qe7 {[%emt 0:09:41]} 16. Rfc1 {[%emt 0:00:40]} Nb8 {[%emt 0:03:28]} 17. Qb3 {[%emt 0:00:16]} b5 {[%emt 0:11:20]} 18. a4 {[%emt 0:01:41]} c6 {[%emt 0:00:57]} 19. e4 {[%emt 0:01:29]} dxe4 {[%emt 0:09:37]} 20. Nxe4 {[%emt 0:01:58]} Nbd7 {[%emt 0:03:59]} 21. Bg5 {[%emt 0:17:40]} Bxb4 {[%emt 0:16:13]} 22. Ne5 {[%emt 0:05:29]} Qe6 {[%emt 0:04:27]} 23. Qxb4 {[%emt 0:14:03]} Nxe4 {[%emt 0:00:10]} 24. Bxe4 {[%emt 0:00:27]} Nxe5 {[%emt 0:00:07]} 25. axb5 {[%emt 0:08:57]} axb5 {[%emt 0:14:37]} 26. Rxa8 {[%emt 0:01:27]} Bxa8 {[%emt 0:00:05]} 27. dxe5 {[%emt 0:02:43]} Qxe5 {[%emt 0:00:04]} 28. Re1 {[%emt 0:00:54]} Kh8 {[%emt 0:02:55]} 29. Bh4 {[%emt 0:17:33]} f5 {[%emt 0:07:16]} 30. f4 {[%emt 0:02:32]} 1-0

[Event "WJCC U20 Open 2019"]
[Site "New Delhi"]
[Date "2019.10.18"]
[Round "5.3"]
[White "Raja Harshit"]
[Black "Karthikeyan, Murali"]
[Result "0-1"]
[WhiteElo "2440"]
[BlackElo "2617"]
[Annotator "TA"]
[PlyCount "112"]
[EventDate "2019.10.15"]
[EventType "swiss"]
[EventCountry "IND"]
[SourceTitle "playchess.com"]
[Source "ChessBase"]
[SourceQuality "1"]

{[%evp 15,112,22,38,37,29,11,72,70,66,57,60,45,54,54,54,53,68,68,68,68,72,34,35,25,34,34,43,29,29,27,36,33,33,0,0,0,0,-4,-8,-6,-14,-22,-25,-52,-17,-7,-10,-29,-16,-16,-16,-16,-17,-17,-20,-38,-19,-41,-4,-14,-5,-28,-27,-27,0,0,0,-27,-30,-33,-4,-31,0,-41,-35,-56,-60,-77,-85,-81,-80,-120,-120,-117,-76,-76,-76,-73,-68,-68,-53,-55,-53,-53,-53,-4562,-2131,-1814,-1711]} 1. e4 c5 2. Nf3 Nc6 3. d4 cxd4 4. Nxd4 Nf6 5. Nc3 d6 6. Bg5 e6 7. Qd3 Be7 8. O-O-O O-O 9. h4 {B62: Sicilian: Richter-Rauzer: 6...e6: Unusual White 7th moves} Nxd4 10. Qxd4 e5 (10... h6 $11 11. Bd2 e5) (10... Bd7 11. Qd2 Bc6 12. f3 a6 13. Ne2 Rc8 14. Nd4 Nd7 15. Kb1 Bf6 16. g4 d5 17. f4 Nc5 18. e5 Be7 19. Qe3 f6 20. Nxe6 d4 21. Nxd8 dxe3 22. Nxc6 Rxc6 23. exf6 Bxf6 {1-0 (46) Dubov,D (2661)-Predke,A (2573) Moscow 2017}) 11. Qd2 $146 {White is better.} ({Predecessor:} 11. Qb4 a5 12. Qb5 a4 13. a3 Ra5 14. Qd3 Be6 15. f3 Qc8 16. Qd2 Qc5 17. g4 Rc8 {1-0 (40) Popescu,I (2244)-McNamara,S (1834) ICCF email 2015}) 11... Be6 12. Kb1 a6 13. Be2 b5 14. Bxf6 Bxf6 15. Qxd6 Qa5 16. Nd5 Bxd5 17. Rxd5 Rac8 18. Qa3 (18. Qd7 {is interesting.} Rfd8 19. Qf5 h6 20. g3 Qb6 21. Bd3) 18... Qxa3 19. bxa3 Rc6 20. h5 Rfc8 21. Rhd1 g6 ({Avoid the trap} 21... Rxc2 $2 22. Bg4 $18) 22. Rd6 Be7 23. Rxc6 Rxc6 24. hxg6 Rxg6 $14 {[%mdl 4096] Endgame KRB-KRB} 25. Bf3 Bxa3 26. c3 Rc6 27. Kc2 Bc5 28. Kb3 Bxf2 29. Be2 Kf8 30. Rf1 Bc5 31. Bh5 f6 32. Rd1 Bb6 33. Be2 Kg7 34. Rd3 Bf2 35. Rh3 Be1 36. Bg4 a5 37. Be2 Rc5 38. Bf1 h5 39. Re3 $1 {[%cal Re3e1]} Bf2 40. Rf3 Be1 41. Re3 $1 {[%cal Re3e1]} Bd2 42. Rd3 Bf4 43. Rh3 Bd2 44. Rd3 Bg5 45. Rd7+ Kg6 46. g3 f5 47. exf5+ Kxf5 48. c4 bxc4+ 49. Bxc4 Kg4 50. Rd3 {[%cal Rc4e6]} Kh3 51. Be6+ Kh2 {aiming for ...e4.} 52. Bf5 {[#]} a4+ $1 {[%mdl 512]} 53. Kb4 (53. Kxa4 e4) 53... Be7 {Threatens to win with ...e4!} 54. Kxa4 {[#]} e4 $1 {[%mdl 512]} 55. Rd4 $2 {[%mdl 8192]} (55. Bxe4 $15 Rc4+ {[%mdl 64] Double Attack} 56. Ka5) 55... Rxf5 $19 56. Rxe4 Rf7 {Accuracy: White = 56%, Black = 74%.} 0-1

[Event "WJCC U20 Open 2019"]
[Site "New Delhi"]
[Date "2019.10.18"]
[Round "5.4"]
[White "Agmanov, Zhandos"]
[Black "Sargsyan, Shant"]
[Result "1/2-1/2"]
[WhiteElo "2403"]
[BlackElo "2580"]
[Annotator "TA"]
[PlyCount "108"]
[EventDate "2019.10.15"]
[EventType "swiss"]
[EventCountry "IND"]
[SourceTitle "playchess.com"]
[Source "ChessBase"]
[SourceQuality "1"]

{[%evp 28,108,34,23,28,19,15,15,33,20,54,12,55,0,0,-108,144,-18,13,0,0,18,61,45,58,48,37,-10,-10,-10,-10,-10,-5,-6,-5,-7,-4,-10,-7,-11,-9,-12,-7,-12,-5,-6,-5,-21,-12,-24,-24,-33,-4,-9,0,0,0,-20,-3,-5,-4,-8,-7,-21,-8,-8,0,-12,0,0,0,0,0,0,0,0,0,0,0,0,0,0,0]} 1. e4 e5 2. Nf3 Nc6 3. Bb5 a6 4. Ba4 Nf6 5. O-O Be7 6. Re1 b5 7. Bb3 d6 8. c3 O-O 9. h3 Re8 10. Ng5 Rf8 11. Nf3 Bb7 12. d4 Re8 13. Ng5 Rf8 14. Nf3 Nd7 15. Nbd2 exd4 {C92: Closed Ruy Lopez: 9...Be6, Karpov and Flohr-Zaitsev Variations} (15... Bf6 16. Nf1 Na5 17. Bc2 c5 18. dxc5 dxc5 19. Ng3 g6 20. b3 Nc6 21. a3 Qe7 22. Qe2 Nd8 23. Nf1 Ne6 24. Ne3 {0-1 (44) Firouzja,A (2682)-Martinez Alcantara,J (2583) chess.com INT 2019}) 16. cxd4 Bf6 17. Nf1 Na5 18. Bc2 c5 19. Bf4 Re8 20. Rc1 (20. b4 $14 cxb4 21. Bxd6) 20... g6 21. Bb3 (21. Ne3 $11 {remains equal.}) 21... Rf8 $2 {[%mdl 8192] [#]} (21... Rxe4 $17 22. Rxe4 Bxe4) 22. Bc2 $2 (22. Bxd6 $16 Re8 23. e5 (23. dxc5 Bxb2 24. Rc2 Bg7 $16) 23... Nxb3 24. axb3 (24. Qxb3 c4 $16)) 22... Re8 23. b3 {[#]} cxd4 $146 ({Predecessor:} 23... Nc6 24. d5 Nce5 25. N1h2 Nxf3+ 26. Qxf3 {1-0 (52) Matsuo,T (2170)-Martinez Alcantara,J (2565) Batumi 2018}) 24. Nxd4 d5 {[%cal Rd5e4]} 25. Bb1 {[#] And now Bc7 would win.} (25. Ne3 {is interesting.} Bxd4 26. Qxd4 Qf6 27. Qxf6 Nxf6 28. exd5 Nxd5 29. Nxd5 Rxe1+ 30. Rxe1 Bxd5 31. Rd1) 25... Rc8 ({Not} 25... dxe4 $2 26. Bc7 $18) 26. Rxc8 Qxc8 27. exd5 {Rxe8+ is the strong threat.} Rxe1 28. Qxe1 {Strongly threatening Ne2.} Bxd4 29. Qxa5 Bc3 30. Qc7 Qxc7 31. Bxc7 Bxd5 32. Ne3 Bc6 33. Kf1 f5 34. Ke2 Kf7 35. f3 Nc5 36. Bd6 Ne6 37. Bd3 Ke8 38. Kd1 Kd7 39. Bh2 f4 40. Nc2 {The position is equal.} Bd5 41. Bg1 Kc6 42. Bf1 Kd6 43. Ba7 g5 44. Bf2 h5 45. Bg1 Ke5 46. Bb6 Bc6 47. Ne1 Kd6 48. Nd3 h4 49. Kc2 Bd4 50. Ba5 $1 Bf6 51. Bb4+ Kc7 52. Nf2 Nd4+ 53. Kd2 Nf5 54. Ng4 Be7 {Accuracy: White = 58%, Black = 41%.} 1/2-1/2

[Event "WJCC U20 Open 2019"]
[Site "New Delhi"]
[Date "2019.10.18"]
[Round "5.5"]
[White "Amartuvshin, Ganzorig"]
[Black "Iniyan, P."]
[Result "0-1"]
[WhiteElo "2391"]
[BlackElo "2509"]
[Annotator "TA"]
[PlyCount "88"]
[EventDate "2019.10.15"]
[EventType "swiss"]
[EventCountry "IND"]
[SourceTitle "playchess.com"]
[Source "ChessBase"]
[SourceQuality "1"]

{[%evp 20,88,52,52,85,62,64,59,70,52,43,44,46,50,60,62,72,70,67,69,71,77,93,66,89,32,31,38,36,30,19,6,10,-40,0,0,22,0,0,0,0,0,0,-5,0,0,-5,-16,-13,-18,-7,-25,-25,-18,0,-33,-39,-26,0,-176,-180,-225,-235,-572,-542,-1129,-1089,-1183,-1157,-2058,-1975]} 1. d4 Nf6 2. c4 g6 3. Nc3 Bg7 4. e4 d6 5. Be2 O-O 6. Nf3 Nbd7 {[%cal Bb8d7,Bd7f8,Bf8g6,Bg6f4][%mdl 32]} (6... e5 7. Be3 Nbd7 {½-½ (11) Markus,R (2662)-Popovic,D (2531) Kragujevac 2016}) 7. O-O e5 8. Be3 Re8 9. d5 Ng4 10. Bg5 f6 11. Bh4 Nf8 {E94: King's Indian: Classical: 6 Be2 e5 7 0-0: Various Black 7th moves} 12. Ne1 h5 13. Nd3 Nh6 {White is slightly better.} 14. f3 g5 15. Bf2 f5 16. c5 Ng6 $146 ({Predecessor:} 16... g4 17. cxd6 cxd6 18. Rc1 a6 19. fxg4 Nxg4 20. Bxg4 hxg4 21. exf5 Bxf5 {1-0 (39) Borik,O (2380)-Autenrieth,M Germany 1984}) 17. Rc1 Re7 18. Nb5 a6 19. Na7 Nf4 20. Nxc8 Rxc8 21. Qc2 (21. Nxf4 {keeps more tension.} exf4 22. Qc2 Re8 23. exf5 Be5 24. Bd3) 21... Rf7 22. cxd6 (22. Nxf4 $16 exf4 23. cxd6) 22... Nxe2+ $14 23. Qxe2 {aiming for dxc7.} cxd6 24. Rxc8 Qxc8 25. Rc1 Rc7 26. Rf1 Rf7 27. Rc1 Rc7 28. Be3 f4 29. Rxc7 Qxc7 30. Bf2 Bf6 31. Qd2 Bd8 32. Qc3 Qd7 33. b3 g4 34. fxg4 Nxg4 35. h3 Nf6 36. Qc4 b5 (36... Kf8 {feels hotter.} 37. Bh4 Nh7 38. Bxd8 Qxd8 39. Qb4 Qe7) 37. Qc6 Qxc6 38. dxc6 $15 {[%mdl 4096] Endgame KBN-KBN} a5 {[%cal Ba6a5,Ba5a4][%mdl 32]} 39. Ba7 $2 (39. Bh4 $1 $11 {and White stays safe.} Bb6+ 40. Nf2) 39... Bc7 $1 $19 ({And not} 39... Nxe4 40. Bb8 $11) 40. b4 {[#]} a4 $1 ({Weaker is} 40... Nxe4 41. bxa5 Bxa5 42. Bb8 $11) 41. Nb2 $2 (41. Nf2 {was the crucial defense.}) 41... Nxe4 {Black is clearly winning.} 42. Nxa4 bxa4 43. b5 Nc3 $1 {[%csl LRa2,LRb5]} 44. b6 {[#]} Nb5 $1 {Accuracy: White = 32%, Black = 64%.} 0-1

[Event "WJCC U20 Open 2019"]
[Site "New Delhi"]
[Date "2019.10.18"]
[Round "5.6"]
[White "Mendonca, Leon Luke"]
[Black "Khanin, Semen"]
[Result "1/2-1/2"]
[WhiteElo "2388"]
[BlackElo "2507"]
[Annotator "TA"]
[PlyCount "76"]
[EventDate "2019.10.15"]
[EventType "swiss"]
[EventCountry "IND"]
[SourceTitle "playchess.com"]
[Source "ChessBase"]
[SourceQuality "1"]

{[%evp 19,76,22,28,14,22,0,0,0,12,8,2,8,10,0,0,0,0,0,14,0,0,-17,0,0,0,0,0,0,0,0,0,0,0,0,10,18,54,14,14,14,14,14,14,14,14,14,14,14,14,14,14,14,14,14,14,14,14,14,14]} 1. d4 Nf6 2. c4 g6 3. Nc3 d5 4. cxd5 Nxd5 5. e4 Nxc3 6. bxc3 Bg7 7. Be3 c5 8. Rc1 Qa5 9. Qd2 O-O 10. Nf3 Nd7 11. d5 {D85: Exchange Grünfeld: Unusual White 7th moves and lines with 7 Nf3} Nf6 12. Bd3 c4 13. Bb1 {[#]} e6 $146 ({Predecessor:} 13... Ng4 14. Bd4 e5 15. dxe6 f6 16. e7 Re8 17. Qe2 Be6 18. Nd2 b5 {0-1 (42) Sakaev,K (2640)-Morozevich,A (2787) Moscow 2008}) 14. dxe6 Bxe6 15. h3 Rfe8 16. O-O Rad8 17. Nd4 Bc8 18. Bg5 Re5 19. Bf4 Nxe4 20. Qe3 Nxc3 21. Bxe5 Bxe5 22. Qxc3 Qxc3 23. Rxc3 Rxd4 24. Re3 $1 {[%cal Re3e5]} Rd5 $1 25. Rfe1 f6 26. Re4 $1 b5 27. f4 Bd4+ 28. Kh2 {[#] Threatening mate with Re8+.} Bd7 {The position is equal.} 29. Rd1 Bf5 30. Rexd4 Rxd4 31. Rxd4 Bxb1 $11 {[%mdl 4096] Endgame [#] KR-KB} 32. a4 $1 {[%mdl 512]} a6 $1 {Strongly threatening ...c3.} ({Much weaker is} 32... bxa4 $6 33. Rxc4 a3 34. Ra4 $16) 33. axb5 axb5 34. Rd8+ $1 Kf7 {...c3 is the strong threat.} 35. Rb8 c3 36. Rxb5 Be4 {aiming for ...c2.} 37. Rc5 c2 {White must now prevent ...Ke7.} 38. Kg1 Ke6 {Accuracy: White = 71%, Black = 79%.} 1/2-1/2